Type | Year | Name | % Correct |
---|---|---|---|
Film | 2019 | Once Upon a Time in Hollywood | 91%
|
Film | 1999 | Fight Club | 86%
|
Film | 1995 | Seven | 81%
|
Film | 2005 | Mr. & Mrs. Smith | 78%
|
Film | 2009 | Inglourious Basterds | 75%
|
Film | 2001 | Ocean's Eleven | 75%
|
Film | 2004 | Ocean's Twelve | 75%
|
Film | 2007 | Ocean's Thirteen | 73%
|
Film | 1991 | Thelma & Louise | 63%
|
Film | 2004 | Troy | 61%
|
Film | 2022 | Bullet Train | 59%
|
TV Show | 2001 | F•R•I•E•N•D•S | 58%
|
Film | 1998 | Meet Joe Black | 58%
|
Film | 2008 | The Curious Case of Benjamin Button | 56%
|
Film | 2011 | Moneyball | 50%
|
Film | 2013 | World War Z | 50%
|
Film | 1994 | Legends of the Fall | 47%
|
Film | 1995 | 12 Monkeys | 46%
|
Film | 2013 | 12 Years a Slave | 46%
|
Film | 2008 | Burn After Reading | 46%
|
Film | 2014 | Fury | 46%
|
Film | 2019 | Ad Astra | 45%
|
Film | 1997 | Seven Years in Tibet | 45%
|
Film | 2000 | snatch. | 44%
|
Film | 1994 | Interview with the Vampire | 42%
|
Film | 2022 | Babylon | 41%
|
Film | 2001 | The Mexican | 39%
|
Film | 1992 | A River Runs Through It | 37%
|
Film | 2006 | Babel | 36%
|
Film | 2018 | Deadpool 2 | 34%
|
TV Show | 1998, 2002, 2020 | Saturday Night Live | 33%
|
Film | 2015 | The Big Short | 32%
|
Film | 1993 | Kalifornia | 31%
|
Film | 2022 | The Lost City | 29%
|
Film | 1993 | True Romance | 29%
|
Film | 2016 | Allied | 27%
|
Film | 2010 | Megamind | 27%
|
Film | 2007 | The Assassination of Jesse James by the Coward Robert Ford | 25%
|
Film | 2011 | The Tree of Life | 25%
|
Film | 2015 | By the Sea | 22%
|
Film | 1997 | The Devil's Own | 22%
|
Film | 1996 | Sleepers | 19%
|
Film | 2001 | Spy Game | 19%
|
Film | 1992 | Cool World | 18%
|
Film | 1991 | Johnny Suede | 18%
|
Film | 2003 | Sinbad: Legend of the Seven Seas | 18%
|
Film | 2017 | War Machine | 18%
|
Film | 2011 | Happy Feet Two | 17%
|
Film | 2012 | Killing Them Softly | 16%
|
Film | 2013 | The Counselor | 16%
|
Film | 2002 | Confessions of a Dangerous Mind | 15%
|
Film | 2016 | Moonlight | 14%
|
Film | 1999 | Being John Malkovich | 13%
|
Production | 2006 | The Departed | 13%
|
TV Show | 1987-1988 | Dallas | 12%
|
TV Show | 1987, 1989 | Growing Pains | 12%
|
Production | 2010 | Kick-Ass | 12%
|
Commercial | 1991 | Levi's Jeans | 12%
|
Production | 2014 | Selma | 12%
|
TV Show | 1988 | 21 Jump Street | 11%
|
Film | 1991 | Across the Tracks | 11%
|
Production | 2022 | Blonde | 11%
|
Film | 1989 | Cutting Class | 11%
|
TV Show | 1989 | Freddy's Nightmares - A Nightmare on Elm Street: The Series | 11%
|
Film | 1987 | Hunk | 11%
|
Production | 2013 | Kick-Ass 2 | 11%
|
Film | 1987 | Less Than Zero | 11%
|
Film | 1987 | No Way Out | 11%
|
Production | 2017 | Okja | 11%
|
Production | 2018 | Vice | 11%
|
TV Show | 2002 | Jackass | 10%
|
Film | 1987 | No Man's Land | 10%
|
TV Film | Theater | 2012 | 8 | 9%
|
Production | 2007 | A Mighty Heart | 9%
|
Short Film | 1993 | Contact | 9%
|
Production | 2010 | Eat Pray Love | 9%
|
Production | 2020 | Kajillionaire | 9%
|
Film | 1988 | The Dark Side of the Sun | 9%
|
Film | 1994 | The Favor | 9%
|
Production | 2016-2019 | The OA | 9%
|
TV Show | 1987 | Another World | 8%
|
Production | 2017 | Brad's Status | 8%
|
TV Show | 2020 | Celebrity IOU | 8%
|
TV Show | 1990 | Glory Days | 8%
|
Production | 2006 | God Grew Tired of Us | 8%
|
TV Show | 1987 | Head of the Class | 8%
|
TV Show | 2022 | LEGO Masters | 8%
|
Production | 2014 | Nightingale | 8%
|
Production | 2006 | Running with Scissors | 8%
|
TV Show | 1992 | Tales from the Crypt | 8%
|
TV Show | 1992 | Two-Fisted Tales | 8%
|
Production | 2007 | Year of the Dog | 8%
|
Production | 2018 | Beautiful Boy | 7%
|
Commercial | 2012 | Chanel No. 5 Perfume | 7%
|
Commercial | 1998 | Evance Rolex | 7%
|
Film | 1989 | Happy Together | 7%
|
Commercial | 1996 | Honda Integra | 7%
|
Production | 2008 | Pretty/Handsome | 7%
|
Commercial | 2008 | Softban | 7%
|
TV Show | 1989 | Thirtysomething | 7%
|
Documentary | 2000 | Brad Pitt & Jennifer Aniston: Hollywood's Couple of the Year | 6%
|
Film | 2002 | Full Frontal | 6%
|
TV Show | 2003 | King of the Hill | 6%
|
Production | 2020 | Minari | 6%
|
Production | 2022 | She Said | 6%
|
Short Film | 2003 | Sinbad and the Cyclops Island | 6%
|
Short Film | 2015 | The Audition | 5%
|
Production | 2022 | Women Talking | 5%
|
Production | 2024 | Bob Marley: One Love | 4%
|
Production | 2022 | Father of the Bride | 4%
|
Production | 2019 | The Last Black Man in San Francisco | 4%
|
Film | TBA | Wolfs | 4%
|
TV Show | 2023 | Dave | 3%
|
Production | 2016 | The Lost City of Z | 3%
|
Production | 2009 | The Time Traveler's Wife | 3%
|
TV Film | 1990 | Too Young to Die? | 3%
|
Production | 2015 | True Story | 3%
|
Commercial | 2021 | De'Longhi Appliances | 2%
|
Commercial | 2005 | Heineken | 2%
|
Production | 2020 | Irresistible | 2%
|
Production | 2023 | Landscape with Invisible Hand | 2%
|
Production | 2022 | Outer Range | 2%
|
Commercial | 1989 | Pringles | 2%
|
TV Show | 2017-2018 | The Jim Jeffries Show | 2%
|
Production | TBA | The Tiger | 2%
|
Production | 2021 | The Underground Railroad | 2%
|
Production | 2024 | 3 Body Problem | 1%
|
Production | 2021 | Americanah | 1%
|
TV Film | 1988 | A Stoning in Fulham County | 1%
|
Production | TBA | Black Hole | 1%
|
Documentary | 2021 | Brad Pitt: Breaking Hollywood | 1%
|
Music Video | 1999 | David Duchovny | 1%
|
Commercial | 1996-1999 | Edwin Jeans | 1%
|
Production | 2022 | High School | 1%
|
Documentary | 2015 | Hitting the Apex | 1%
|
Commercial | 1998 | JT Roots Coffee | 1%
|
Production | 2022 | Paper Girls | 1%
|
Music Video | 1991 | Part of Me, Part of You | 1%
|
Production | TBA | The Curious Incident of the Dog in the Night-Time | 1%
|
TV Film | 1990 | The Image | 1%
|
Production | 2014 | The Normal Heart | 1%
|
Commercial | 2005 | The ONE Campaign | 1%
|
Production | 2009 | The Private Lives of Pippa Lee | 1%
|
Production | 2007 | The Tehuacan Project | 1%
|
Production | 2020 | The Third Day | 1%
|
Short Film | 2011 | Touch of Evil | 1%
|
Documentary | 2016 | Voyage of Time | 1%
|
Production | TBA | Wrong Answer | 1%
|
Production | TBA | Wytches | 1%
|
Documentary Series | 2010 | America's Game: The Superbowl Champions | 0%
|
Short Film | 2009 | Beyond All Boundaries | 0%
|
Documentary Series | 2006-2009 | e2: The Economies of Being Environmentally Conscious | 0%
|
Documentary Series | 2003 | Freedom: A History of US | 0%
|
TV Documentary | 2001 | Growing Up Grizzly | 0%
|
TV Documentary | 2005 | Primetime Live: Brad Pitt's Journey to Africa | 0%
|
Documentary Mini-Series | 2005 | Rx for Survival: A Global Health Challenge | 0%
|
Copyright H Brothers Inc, 2008–2024
Contact Us | Go To Top | View Mobile Site